Panchayat Raj in modern times / (Record no. 39519)

MARC details
000 -LEADER
fixed length control field 00753nam a22002057a 4500
005 - DATE AND TIME OF LATEST TRANSACTION
control field 20100805151625.0
010 ## - LCCN (DPL NO)
LC control number ENG-98471
020 ## - INTERNATIONAL STANDARD BOOK NUMBER
International Standard Book Number 9788190660547
Terms of availability 29.00
035 ## - SYSTEM CONTROL NUMBER
System control number EN-82004
037 ## - SOURCE OF ACQUISITION
Source of stock number/acquisition DPAD/PUB
082 ## - DEWEY DECIMAL CLASSIFICATION NUMBER
Classification number 307.141
100 ## - MAIN ENTRY--PERSONAL NAME
Personal name Arunagiri, V.K.
245 ## - TITLE STATEMENT
Title Panchayat Raj in modern times /
Statement of responsibility, etc by V.K. Arunagiri
260 ## - PUBLICATION, DISTRIBUTION, ETC. (IMPRINT)
Place of publication, distribution, etc Chennai
Name of publisher, distributor, etc Andril Pathippagam
Date of publication, distribution, etc 2007
270 ## - ADDRESS
Address 192, Jagajeevan Ram Salai (Bells Road) Cheppakkam,
City Chennai
Postal code 04428411525
300 ## - PHYSICAL DESCRIPTION
Extent 96p.
Dimensions 21cm (pbk)
500 ## - GENERAL NOTE
General note Includes bibliographical reference
942 ## - ADDED ENTRY ELEMENTS (KOHA)
Source of classification or shelving scheme Dewey Decimal Classification
Item type English Books
Classification part 307.141
Call number suffix ARU
Holdings
Withdrawn status Lost status Not for loan Collection code Home library Current library Date acquired Source of acquisition Cost, normal purchase price Full call number Barcode Copy number Cost, replacement price Koha item type
    Not For Loan Non-fiction D.B.Act.Division D.B.Act.Division 05/08/2010 DBAD/PUB 29.00 307.141 ARU EN-82004 1 29.00 English Books

© Delhi Public Library
Hit Counter
free hit counter